| 000 | 00430nam a2200181Ia 4500 | ||
|---|---|---|---|
| 001 | 2087 | ||
| 005 | 20260306143816.0 | ||
| 008 | 260306t2016||||xx |||||||||||||| ||spa|| | ||
| 041 | _aESP | ||
| 082 |
_a612.8 _bB33 |
||
| 100 |
_aBear, Mark F. _eAUT |
||
| 245 | 0 |
_aNeurociencia: _bla exploración del cerebro |
|
| 260 | _c2016 | ||
| 300 |
_a975 pƔginas : _c28 cm. |
||
| 650 | _aGEN | ||
| 654 | _aCPS | ||
| 942 |
_cLIB _dJUS _fJUS _2ddc _n |
||
| 999 |
_c2087 _d2087 |
||